000 00791nam a2200217 a 4500
003 MX-MxUPN
005 20240808063800.0
008 991125s1926 mx r 000 0 spa d
035 _aUPN01000004277
040 _aMX-MxUPN
_bspa
_cMX-MxUPN
041 0 _aspa
050 1 4 _aS166 Y8
_bA6.9
245 0 0 _aApuntes sobre agricultura en Yucatán :
_bcon algunas consideraciones acerca del problema agrario en el mismo
260 _aMérida :
_bTalleres de la Compañía Tipográfica Yucateca,
_c1926.
300 _a55 páginas
650 4 _aAgricultura
_zYucatán
_921134
650 4 _aAgricultura
_xAspectos económicos
_zYucatán
_921135
700 0 _aP.B. Molina
_951433
_epropietario anterior
710 2 _aMuseo Pedagógico Nacional (México)
_951335
_epropietario anterior
942 _2lcc
_cLIBRO
999 _c4277
_d4277